Inflación de coste e inflación de demanda / (Record no. 120459)

MARC details
000 -LEADER
campo de control de longitud fija 00553nam a2200169 4500
001 - NÚMERO DE CONTROL
campo de control 120459
003 - IDENTIFICADOR DE NÚMERO DE CONTROL
campo de control ES-MaACL
005 - FECHA Y HORA DE LA ÚLTIMA TRANSACCIÓN
campo de control 20230906191545.0
007 - CAMPO FIJO DE DESCRIPCIÓN FÍSICA--INFORMACIÓN GENERAL
campo de control de longitud fija t|
008 - DATOS DE LONGITUD FIJA--INFORMACIÓN GENERAL
campo de control de longitud fija 070214s1968 sp r ||||1| spa d
100 1# - ENTRADA PRINCIPAL--NOMBRE DE PERSONA
Nombre de persona Pitchford, J. D.
9 (RLIN) 92410
245 10 - MENCIÓN DEL TÍTULO
Título Inflación de coste e inflación de demanda /
Mención de responsabilidad, etc. por J. D. Pitchford ; traducción de Valentín Fábrega Forradellas.
260 ## - PUBLICACIÓN, DISTRIBUCIÓN, ETC.
Lugar de publicación, distribución, etc. Barcelona :
Nombre del editor, distribuidor, etc. Gustavo Gili,
Fecha de publicación, distribución, etc. 1968.
300 ## - DESCRIPCIÓN FÍSICA
Extensión 265 p. ;
Dimensiones 22 cm.
700 1# - ENTRADA AGREGADA--NOMBRE PERSONAL
Nombre de persona Fábrega Forradellas, Valentín.
9 (RLIN) 48549
852 ## - LOCALIZACIÓN
Ubicación ES-MaACL
Número de control de estantería C-35191
Sublocalización o colección R.68004
Holdings
Estatus retirado Estado de pérdida Estado de daño No para préstamo Biblioteca de origen Biblioteca actual Ubicación en estantería Fecha de adquisición Fuente de adquisición Total de préstamos Signatura topográfica completa Código de barras Visto por última vez Precio de reemplazo Tipo de ítem Koha
        Biblioteca del Ateneo de Madrid Biblioteca del Ateneo de Madrid Depósito 2 17/01/2008     C-35191 1125562 23/02/2023 23/02/2023 Libro impreso